000 01863cam a22001934a 4500
005 20250605164058.0
008 250528s ||||||||||||||||||||||||d
035 _a17523
020 _a9603511560
040 _aGR-AtMCL
_bgre
_dGR-AtMCL
_eAACR2
245 1 _aΣτατιστική Επιχειρήσεων / Για τις Οικονομικές και Κοινωνικές Επιστημες
260 _bΣταμούλης Α,
_c1998
300 _a680
520 _aΠρόλογος, Επισκόπηση της Στατιστικής (Overview of Statistics), Συλλογή και Παρουσίαση Στατιστικών Παρατηρήσεων (Selection and Presentation of Data), Σύνοψη Δεδομένων με τη Βοήθεια Περιγραφικών Μέτρων (Descriptive Statistics), Ροπές και Μέτρα Ασυμμετρίας - Κύρτωσης (Moments), Στοιχεία Θεωρίας Συνόλων (Sets), Συνδυασμοί - Μεταθέσεις - Διωνυμικό Θεώρημα (Combinations - Permutations - Binomial Theorem), Η Έννοια της Πιθανότητας, Βασικοί Ορισμοί και Συμπεράσματα (Basic Probability Concepts), Μονοδιάστατες Τυχαίες Μεταβλητές (Random Variables), Συνεχείς Τυχαίες Μεταβλητές (Some Probability Distributions of Continuous Random Variables), Δειγματικές Κατανομές (Sampling Distributions), Εκτιμητική (Statistical Inference), Έλεγχος Υποθέσεων (Hypothesis Testing), Απλή Γραμμική Παλινδρόμηση (Simple Linear Regression), Αριθμοδείκτες (Index Numbers), Βιβλιογραφία (Bibliography).
700 1 _aΦράγκος Χρήστος
_93667
942 _cBK
999 _c2931
_d2931